Statistics for Best NBA players by letter

Click here to take the quiz!

General Stats

  • This quiz has been taken 28 times
  • The average score is 12 of 24

Answer Stats

HintAnswer% Correct
LLebron James
96%
MMichael Jordan
91%
TTim Duncan
78%
KKareem Abdul-Jabbar
74%
WWilt Chamberlain
74%
HHakeem Olajuwon
70%
BBill Russell
65%
OOscar Robertson
65%
SShaquille O'neal
65%
DDavid Robinson
61%
AAllen Iverson
57%
CCharles Barkley
57%
JJerry West
57%
YYao Ming
57%
PPatrick Ewing
52%
GGiannis Antetokounmpo
43%
IIsiah Thomas
43%
EElgin Baylor
39%
UUdonis Haslem
30%
VVince Carter
26%
NNate Archibald
13%
RRick Barry
13%
FFrancisco Garcia
0%
QQuenton Jackson
0%

Score Distribution

Percentile by Number Answered

Percent of People with Each Score

Your Score History

You have not taken this quiz